000 01569nam0a2200373 4500
001 RU\NLR\BIBL_A\022593135
005 20260120162523.0
010 _a978-5-6053478-7-3
_9150
021 _aRU
_bКН-П-25-032751
_9КН-П-25-3233
035 _a(NLR Aleph) 022593135
090 _a13532592
_c13532592
100 _a20250730d2025 k y0rusy50 ca
101 0 _arus
102 _aRU
105 _aa|||z|||000yy
181 0 _ai3
_baxxe
182 0 _an
200 1 _aТехнологии создания САПР для разработки СВЧ устройств и антенн
_fД. В. Лучин, А. А. Минаев, А. П. Трофимов [и др.]
_gпод редакцией В. В. Юдина
203 _aТекст
_bвизуальный
_cнепосредственный
210 _aСамара
_cСлово
_d2025
215 _a263 с.
_cил., табл.
_d22
320 _aБиблиогр. в конце гл.
606 1 _aПриборы СВЧ
_xСАПР
_2nlr_sh2
_3RU\NLR\AUTH\6601714091
606 1 _aАнтенны
_xСАПР
_2nlr_sh2
_3RU\NLR\AUTH\661513701
686 1 _aЗ840.4-02-5-05
686 1 _aЗ845-02-5-05
701 1 _aЛучин
_bД. В.
_gДмитрий Вячеславович
701 1 _aМинаев
_bА. А.
_gАнтон Андреевич
701 1 _aТрофимов
_bА. П.
_gАлексей Павлович
702 1 _aЮдин
_bВ. В.
_gВячеслав Викторович
_4340
942 _cBOOK
980 _aNB